Sports Quiz

Random Sports or Cricket Quiz

Tough Choices: Sports Edition Quiz Stats

 Plays Quiz Updated Jun 12, 2017

Support Sporcle.
Go Orange.
Score 0/21 Timer 07:00
1 Play Today
Column A (Type A if Higher) A or B? % Correct
Olympic gold medals won by Michael Phelps???
92.1%
Runs for a baseball grand slam???
89.4%
Pockets on a pool table???
88.1%
Events in a triathlon???
87.5%
NBA teams Shaquille O'Neal has played for???
85.8%
Minutes played in professional soccer (no OT)???
85.7%
Career home runs for Babe Ruth???
84.2%
Laps in the Daytona 500???
81.5%
Fielding positions in baseball???
80.7%
Bowling pins in a full rack???
80%
Dan levels in karate???
75.7%
Column A (Type A if Higher) A or B? % Correct
Players on a water polo team in the pool at one time???
72%
PGA Masters won by Arnold Palmer???
68.3%
Teams in the NBA???
65.3%
Longest major league baseball game ever played (min.)???
62%
Teams in the Eastern Conference in NHL???
62%
Olympic Games held in France???
54%
Length of field in soccer (m)???
53.5%
Appearances by Trinidad and Tobago in FIFA World Cup???
52%
Balls in an over in cricket???
50.5%
Andre Agassi's Grand Slam US Open Singles Titles???
43.8%

You're not logged in!

Compare scores with friends on all Sporcle quizzes.
OR
Log In
Forgot?

From the Vault

NBA Franchises, East to West

by Booger

NBA fans, it's time to channel your inner Lewis and Clark.
Remove Ads.
Support Sporcle.
Get the best of Sporcle when you Go Orange. This ad-free experience offers more features, more stats, and more fun while also helping to support Sporcle. Thank you for becoming a member.

Show Comments

Extras

Top Quizzes Today


Score Distribution

Your Account Isn't Verified!

In order to create a playlist on Sporcle, you need to verify the email address you used during registration. Go to your Sporcle Settings to finish the process.

Report this User

Report this user for behavior that violates our Community Guidelines.

Details: